000 00443nmm a2200157Ia 4500
008 251105s9999||||xx |||||||||||||||||und||
020 _a9789560101860
041 _aspa
100 _aValdés Pascal, Cristián
245 0 _aMujeres
264 _a[Santiago de Chile, Chile] :
_bRil editores,
_c2015
300 _a180 páginas
650 _aGender and Women Studies
856 _uhttps://public.digitaliapublishing.com/a/39369
942 _cCF
999 _c93692
_d93692